Statystyki dla Polscy sportowcy roku 1980-2019

Kliknij tutaj aby rozwiązać quiz!

Ogólne statystyki

  • Ten quiz został rozwiązany 157 razy
  • Średni wynik to 18 z 40

Statystyki odpowiedzi

rokimię i nazwisko% Poprawnych
2015Robert Lewandowski
99%
2014 | 2017Kamil Stoch
96%
2001 | 2002 | 2003 | 2007Adam Małysz
91%
2019Bartosz Zmarzlik
75%
1982Zbigniew Boniek
72%
2009 | 2010 | 2011 | +2 othersJustyna Kowalczyk
71%
2018Bartosz Kurek
69%
2016Anita Włodarczyk
65%
1998 | 2000Robert Korzeniowski
58%
2005 | 2006Otylia Jędrzejczak
54%
2004Otylia jędrzejczak
54%
2008Robert Kubica
49%
1999Tomasz Gollob
42%
1993Rafał Kubacki
32%
1980Władysław Kozakiewicz
28%
1996Renata Mauer
17%
1995 | 1997Paweł Nastula
13%
1988 | 1992Waldemar Legień
7%
1994Andrzej Wroński
6%
1981Janusz Pyciak-Peciak
5%
1990 | 1991Wanda Panfil
5%
1989Joachim Halupczok
5%
1984Andrzej Grubba
5%
1983Zdzisław Hoffmann
5%
1986Andrzej Malina
4%
1985Lech Piasecki
4%
1987Marek Łbik i Marek Dopierała
3%

Rozkład punktacji

Percentyl według liczby udzielonych odpowiedzi

Procent ludzi z każdym wynikiem

Twoja historia wyników

Nie rozwiązałeś tego quizu